|
|
|
|
| LEADER |
00000naa2a2200000 4500 |
| 001 |
611040 |
| 005 |
20231222124821.0 |
| 035 |
|
|
|a (RuTPU)RU\TPU\conf\8682
|
| 035 |
|
|
|a RU\TPU\conf\8681
|
| 090 |
|
|
|a 611040
|
| 100 |
|
|
|a 20150211d2014 k y0rusy50 ca
|
| 101 |
0 |
|
|a rus
|
| 102 |
|
|
|a RU
|
| 105 |
|
|
|a y z 101zy
|
| 135 |
|
|
|a drcn ---uucaa
|
| 181 |
|
0 |
|a i
|
| 182 |
|
0 |
|a b
|
| 200 |
1 |
|
|a Экспериментальные исследования эффективности разрушения гранита при различных параметрах ударной системы и геометрии породоразрушающего инструмента
|f А. В. Шадрина
|
| 203 |
|
|
|a Текст
|c электронный
|
| 225 |
1 |
|
|a Проблемы и перспективы техники и технологии в бурении геологоразведочных скважин
|
| 300 |
|
|
|a Заглавие с титульного экрана
|
| 320 |
|
|
|a [Библиогр.: с. 104 (7 назв.)]
|
| 337 |
|
|
|a Adobe Reader
|
| 463 |
|
0 |
|0 (RuTPU)RU\TPU\conf\8652
|t Проблемы научно-технического прогресса в бурении скважин
|o сборник докладов Всероссийской научно-технической конференции с международным участием , посвященной 60-летию кафедры бурения скважин, Томск, 2014 г.
|f Томский политехнический университет (ТПУ), Институт геологии и нефтегазового дела (ИГНД); под ред. В. Г. Храменкова
|v [С. 99-104]
|d 2014
|
| 610 |
1 |
|
|a труды учёных ТПУ
|
| 610 |
1 |
|
|a электронный ресурс
|
| 610 |
1 |
|
|a экспериментальные исследования
|
| 610 |
1 |
|
|a разрушения
|
| 610 |
1 |
|
|a гранит
|
| 610 |
1 |
|
|a ударная система
|
| 610 |
1 |
|
|a породоразрушающие инструменты
|
| 700 |
|
1 |
|a Шадрина
|b А. В.
|c специалист в области нефтегазового дела
|c профессор Томского политехнического университета, доктор технических наук
|f 1980-
|g Анастасия Викторовна
|3 (RuTPU)RU\TPU\pers\26136
|9 11965
|
| 712 |
0 |
2 |
|a Национальный исследовательский Томский политехнический университет (ТПУ)
|b Институт природных ресурсов (ИПР)
|b Кафедра транспорта и хранения нефти и газа (ТХНГ)
|3 (RuTPU)RU\TPU\col\18661
|
| 801 |
|
2 |
|a RU
|b 63413507
|c 20220225
|g RCR
|
| 856 |
4 |
|
|u http://earchive.tpu.ru/handle/11683/25537
|
| 856 |
4 |
|
|u http://www.lib.tpu.ru/fulltext/c/2014/C94/013.pdf
|
| 942 |
|
|
|c BK
|